00818nam a2200205 a 450000500170000000800410001701000120005802000260007003500120009603700230010804000180013108200060014910000190015524501460017426000360032027000630035630000330041952001420045270000180059420220520122359.0080508s2008 ctua 000 0 eng  aB-78130 c199.00a9780143335412 aB-78130 bPENGUIN BOOK INDIA adplbEnglish  aS aNarayan, R.K.  aMalgudi schooldays:cby R.K.Narayan; introduction by Shashi Deshpande; illustrated by R.K. Laxman bthe adventures of Swami and his friends / aNew Delhi bPuffin Books c2010 a11 Community Centre, Panchsheel Park, bNew Delhi e110017 axi, 238p.:c20cm(pbk) bill  aCollects anecdotes from teenagers about friendship, peer pressure, self-acceptance, family life, relationships, and overcoming obstacles. aLaxman, R.K.